000 00658nam a22002297a 4500
003 UA-OsUOA
001 90890
007 ta
008 20121120b un ||||| |||| 00| 0 ukr d
100 _aОлійник М.
090 _a821.161.2
_bО-54
942 _cBK
040 _aUA-OsUOA
_bukr
_cUA-OsUOA
_dUA-OsUOA
245 _aОдиниця виміру
_bроман, повісті, оповідання
300 _a300 с.
955 _a3
041 _aukr
080 _a821.161.2
260 _aК.
_bРадянський письменник
_c1987
650 7 _a82 Література. Літературознавство
_2UDC
999 _c377172
_d377172